000 00463nam a2200181Ia 4500
003 IN-BaIIA
008 211028s9999 xx 000 0 eng d
020 _a0-7126-6988-4
040 _cIIA Library
080 _a[8]:01:00
_bWAR
100 _aWarwick, K
_927124
245 0 _aI, Cyborg
_cK. Warwick
260 _aLondon
_bCentury
_c2002
300 _aviii, 312p.
650 _aAutobiography - Kevin Warwick
_927125
650 _aCybernetics
_914201
942 _cBK
999 _c14978
_d14978